Géographie de la Grèce antique - Statistiques

Statistiques générales
  • Ce quiz a été pris 17 697 fois
  • Le résultat moyen est 12 sur 20
Statistiques - réponses
Questions Réponses % Correct
Ville surnommée le « Berceau de la Démocratie » Athènes
99%
Plus haute montagne de Grèce, maison des dieux Mont Olympe
85%
Ville africaine, fondée en 331 avant J.-C., célèbre pour sa bibliothèque Alexandrie
82%
Temple le plus célèbre de cette ville, dont la plupart des artefacts se trouvent au British Museum Parthénon
81%
Ville qui fut la puissance dominante en Grèce jusqu'en 371 avant J.-C. Sparte
80%
Site de bataille grec à environ 40 km d'Athènes, homonyme d'un type de course à pied Marathon
74%
Île dont le port était gardé par un merveilleux colosse Rhodes
74%
Ville de Turquie détruite par les Grecs dans L'Iliade Troie
74%
Mer dans laquelle se trouvent les deux îles ci-dessus Égée
73%
Royaume grec dirigé par Philippe et Alexandre Macédoine
63%
Île sur laquelle Thésée tua le Minotaure Crète
59%
Lieu où se trouvait l'oracle d'Apollon Delphes
52%
Colonie grecque sur le Bosphore, rebaptisée plus tard Constantinople Byzance
47%
Terme désignant une ville haute, souvent fortifiée, qui servait de citadelle Acropole
44%
"Ville nouvelle" en Italie fondée par les Grecs au VIème siècle avant J.-C. Neápolis (Naples)
39%
Île qui abritait la colonie grecque de Syracuse Sicile
39%
Île de la poètesse lyrique Sappho Lesbos
36%
Cité-état qui a donné son nom à un type de colonne et à deux livres du Nouveau Testament Corinthe
34%
Ville dont le « Bataillon sacré » de guerriers d'élite était composé de 150 couples masculins Thèbes
28%
Ville voisine de Tirynthe qui dominait la Grèce avant 1200 avant J.-C. et dont l'effondrement marqua le début des siècles obscurs grecs Mycènes
14%
Aucun quiz correspondant
Distribution des résultats
% des personnes avec chaque résultat
Percentile par nombre de réponses
Votre historique - résultats
Vous n’avez pas pris ce quiz